Logical Elimination Click Quiz: NBA Teams - Statistics

General Stats
  • This quiz has been taken 409 times
  • The average score is 15 of 30
Answer Stats
Hint Explanation Answer % Correct
I traded Luka Doncic away for Anthony Davis and Max Christie DAL Dallas Mavericks
83%
I am the only Canadian team in the NBA TOR Toronto Raptors
82%
My motto is "Fear the Deer" MIL Milwaukee Bucks
78%
My team was named after the biggest local attraction, Walt Disney World ORL Orlando Magic
77%
Madison Square Garden is my home arena NYK New York Knicks
76%
I was previously based in Seattle OKC Oklahoma City Thunder
74%
I have the most NBA championships BOS Boston Celtics
73%
My home city is known as the "Mile-High City" DEN Denver Nuggets
73%
I drafted Joel Embiid PHI Philadelphia 76ers
73%
I have my home arena in the state of New York BKN, NYK Brooklyn Nets
67%
I had to play in a different city for 2 years due to hurricane Katrina NOP New Orleans Pelicans
58%
I won two titles because of "The Decision" MIA Miami Heat
57%
The all-time assist leader played for me UTA Utah Jazz
57%
I am also known as "Rip City" POR Portland Trail Blazers
52%
My team was previously known as the Royals SAC Sacramento Kings
51%
My moniker was used by another team before I took it back in 2013 CHA Charlotte Hornets
46%
My team is based in Texas DAL, HOU, SAS Houston Rockets
44%
Michael Jordan played for me CHI, WAS Washington Wizards
34%
I managed to get 70+ wins in a single season CHI, GSW Chicago Bulls
33%
I had 1st overall in the draft three times in my history, and used all of them for big men SAS San Antonio Spurs
33%
Kevin Durant played for me OKC, BKN, PHX Phoenix Suns
30%
I was involved in the "Malice at the Palace" DET, IND Detroit Pistons
29%
My team philosophy is "Grit n' Grind" MEM Memphis Grizzlies
29%
I hosted the 2025 All-Star event GSW Golden State Warriors
27%
My team is based in California GSW, LAC, LAL, SAC Los Angeles Lakers
24%
My team moniker is an animal ATL, CHA, CHI, MEM, MIL, MIN, TOR Atlanta Hawks
23%
I play in the Northwest division DEN, MIN, OKC, POR, UTA Minnesota Timberwolves
21%
I do not bear my city's name BKN, GSW, IND, MIN, UTA Indiana Pacers
18%
I play in the Eastern Conference ATL, BOS, BKN, CHA, CHI, CLE, DET, IND, MIA, MIL, NYK, ORL, PHI, TOR, WAS Cleveland Cavaliers
15%
I have never won an NBA championship...so far BKN, CHA, IND, LAC, MEM, MIN, NOP, ORL, PHX, UTA Los Angeles Clippers
15%
No matching quizzes found
Score Distribution
Percent of People with Each Score
Percentile by Number Answered
Your Score History
You have not taken this quiz